| 000 | 00717nam a22002177a 4500 | ||
|---|---|---|---|
| 999 |
_c10126 _d10126 |
||
| 003 | AR-CdUCM | ||
| 008 | 190329b ||||| |||| 00| 0 spa d | ||
| 020 | _a978-84-9825-858-5 | ||
| 040 |
_aMUNICIPALIDAD PROVINCIAL DEL CUSCO _cBIBLIOTECA MUNICIPAL DEL CUSCO |
||
| 082 |
_aPI-0127 / _bNAV / cos |
||
| 100 |
_aNavarro, Ángels _926797 |
||
| 245 | _aCoser y Contar / | ||
| 260 |
_aBarcelona : _bCombel Editorial, _c2013. |
||
| 300 |
_bilustraciones a color, _c24 cm. _e8 fichas, kit de costura con aguja y lana. |
||
| 500 | _aNo cuenta con numeración impresa. | ||
| 650 |
_aMaterial didáctico _910701 |
||
| 650 |
_aCuentos _9217 |
||
| 700 |
_aMargarit, Natalia _926798 |
||
| 942 |
_2ddc _cLIBROS |
||
| 945 | _araen | ||